Cutting edge. (Record no. 2526)

MARC details
000 -LEADER
fixed length control field 00634nam a2200193 ar4500
001 - CONTROL NUMBER
control field 2528
005 - DATE AND TIME OF LATEST TRANSACTION
control field 20221127090504.0
008 - FIXED-LENGTH DATA ELEMENTS--GENERAL INFORMATION
fixed length control field 110404 xxk a 00010 eng d
020 ## - INTERNATIONAL STANDARD BOOK NUMBER
International Standard Book Number 9781408258019
082 04 - DEWEY DECIMAL CLASSIFICATION NUMBER
Classification number 428.2407
Item number M785 2002
100 1# - MAIN ENTRY--PERSONAL NAME
Personal name Moor, Peter.
245 10 - TITLE STATEMENT
Title Cutting edge.
Name of part/section of a work Starter.
-- Workbook /
Statement of responsibility, etc. Peter Moor, Chris Redston.
260 ## - PUBLICATION, DISTRIBUTION, ETC.
Place of publication, distribution, etc. Harlow, England :
Name of publisher, distributor, etc. Pearson/Longman,
Date of publication, distribution, etc. 2002.
300 ## - PHYSICAL DESCRIPTION
Extent 72 p. :
Other physical details ill. ;
Dimensions 30 cm.
650 #4 - SUBJECT ADDED ENTRY--TOPICAL TERM
Topical term or geographic name entry element English language
General subdivision Study and teaching.
650 #4 - SUBJECT ADDED ENTRY--TOPICAL TERM
Topical term or geographic name entry element English language
Form subdivision Textbooks for foreign speakers.
650 #4 - SUBJECT ADDED ENTRY--TOPICAL TERM
Topical term or geographic name entry element English language
Form subdivision Textbooks.
700 0# - ADDED ENTRY--PERSONAL NAME
Personal name Redston, Chris,
Relator term jt. auth.
Holdings
Withdrawn status Lost status Source of classification or shelving scheme Damaged status Not for loan Home library Current library Date acquired Total Checkouts Full call number Barcode Date last seen Copy number Price effective from Koha item type
              11/27/2022   428.2407 M785 2002 10000000013724 11/27/2022 C4 11/27/2022 Book
              11/27/2022   428.2407 M785 2002 10000000013722 11/27/2022 C5 11/27/2022 Book
              11/27/2022   428.2407 M785 2002 1000000009450 11/27/2022 C8 11/27/2022 Book
              11/27/2022   428.2407 M785 2002 1000000009449 11/27/2022 C9 11/27/2022 Book
              11/27/2022   428.2407 M785 2002 10000000013725 11/27/2022 C10 11/27/2022 Book
          CENTRAL CENTRAL 11/27/2022   428.2407 M785 2002 1000000003204 11/27/2022 C1 11/27/2022 Book
          CENTRAL CENTRAL 11/27/2022   428.2407 M785 2002 1000000003206 11/27/2022 C3 11/27/2022 Book
          CENTRAL CENTRAL 11/27/2022   428.2407 M785 2002 10000000012727 11/27/2022 C6 11/27/2022 Book
          CENTRAL CENTRAL 11/27/2022   428.2407 M785 2002 10000000012726 11/27/2022 C7 11/27/2022 Book
          KHOBAR KHOBAR 11/27/2022   428.2407 M785 2002 1000000003205 11/27/2022 C2 11/27/2022 Book